Statistiques concernant Drapeaux des territoires autonomes, dépendant, d'outre-mer et tout le

Cliquez ici pour prendre le quiz!

Statistiques générales

  • Ce quiz a été pris 345 fois
  • Le résultat moyen est 40 sur 112

Statistiques - réponses

Réponse% Correct
Porto Rico
88%
ONU
87%
Hong Kong
84%
Corse
83%
Guam
82%
Île de Man
82%
Mayotte
82%
Pays de Galles
82%
Gibraltar
81%
Bretagne
78%
Groenland
77%
Jersey
72%
Îles Féroé
68%
Macao
67%
Réunion
67%
Îles Cook
66%
Niué
65%
Martinique
64%
Guernesey
61%
Nouvelle-Calédonie
61%
Catalogne
58%
Polynésie Française
58%
Irlande du Nord
57%
Saint-Pierre et Miquelon
57%
Chypre du Nord
56%
Kurdistan
56%
OTAN
56%
Sardaigne
55%
Åland
54%
Tibet
53%
Île Norfolk
52%
Ossétie du Sud/Nord
52%
Curaçao
50%
Sicile
48%
Zanzibar
47%
Îles Caïmans
45%
Îles Vierges Britanniques
45%
Anguilla
44%
Bermudes
44%
Occitanie
44%
Republique d'Artsakh / Haut-Karabagh
43%
Îles Malouines / Îles Falkland
42%
Sahara Occidental
41%
Bougainville
39%
Bonaire
38%
Îles Mariannes du Nord
38%
Îles Pitcairn
38%
Bonaire
37%
Terres Australes et Antarctiques Françaises
37%
Îles Canaries
35%
Niévès
35%
Îles Turques et Caïques
34%
Abkhazie
33%
Saint-Barthélémy
33%
Açores
32%
Hawaï
32%
Île de Pâques
32%
Madère
32%
Azad Cachemire
30%
Îles Vierges des États-Unis
30%
Saint Eustache / Sint Eustatius
30%
Bavière
29%
Crimée
29%
Alaska
28%
Kabylie
28%
Territoire Britannique de l'océan Indien
28%
Sami / Laponie
27%
Ceuta
24%
Donetsk
24%
Georgie du Sud et les Îles Sandwich du Sud
22%
Melilla
21%
République de Venise
21%
Sealand
21%
Karakalpakistan
20%
Nunavut
20%
Al-Qaïda
18%
Papouasie Occidentale
18%
Tchétchénie
18%
Lombardie
16%
Mont Athos
16%
ASEAN
15%
Îles Shetland
15%
Turkestan Oriental
15%
Antarctique Argentine
13%
Mongolie Intérieure
13%
Puntland
13%
Antarctique Chilienne
12%
Antilles Néerlandaises
12%
Darfour
12%
Louhansk
12%
Mandchourie
12%
Gagaouzie
11%
Vallée d'Aoste
11%
Adjarie
10%
Bangsamoro
10%
Touva
9%
Voïvodine
9%
Gagaouzie
8%
Jammu-et-Cachemire
8%
Territoires Britanniques d'Antarctique
8%
Cascadie
7%
Frioul-Vénétie Julienne
7%
Tchouvachie
7%
Birobidjan
5%
Gilgit Baltistan
5%
Principe
5%
Rojava
5%
Srpska
5%
Tyrol du Sud
5%
Balouchistan Pakistanais
4%
Ningxia
4%
Trentin-Haute-Adige
2%

Distribution des résultats

Percentile par nombre de réponses

% des personnes avec chaque résultat

Votre développement - résultats

Vous n’avez pas pris ce quiz